01946nam a22004214a 4500001001200000003000800012006001900020007001500039008004100054010001700095020001500112040002100127035002000148050003300168051002500201082002200226110008100248245009200329246002400421260007300445300003400518490008200552500003500634504004900669533015200718610008100870610009800951650002901049650004601078650003201124650004901156655002901205700002701234710001701261810010501278856012601383999001501509ebr10022131CaPaEBRm u cr cn|||||||||010119s2001 dcua fsb f000 0 eng  z 2001016516 z084441042X aCaPaEBRcCaPaEBR a(OCoLC)7076915214aZ6366b.L53 2001aDS102.95eb aZ663.252b.L533 200104a026/.909049242212 aLibrary of Congress.bAfrican and Middle Eastern Division.bHebraic Section.10aLibrary of Congress Hebraic collectionsh[electronic resource] :ban illustrated guide.30aHebraic collections aWashington :bLibrary of Congress :bFor sale by U.S. G.P.O.,c2001. a62 p. :bill. (chiefly col.).1 aLibrary of Congress African and Middle Eastern collections illustrated guides aText by Michael W. Grunberger. aIncludes bibliographical references (p. 62). aElectronic reproduction.bPalo Alto, Calif. :cebrary,d2013.nAvailable via World Wide Web.nAccess may be limited to ebrary affiliated libraries.20aLibrary of Congress.bAfrican and Middle Eastern Division.bHebraic Section.20aLibrary of Congress.bAfrican and Middle Eastern Division.bHebraic SectionvPictorial works. 0aJewsxLibrary resources. 0aJewsxLibrary resourcesvPictorial works. 0aJudaismxLibrary resources. 0aJudaismxLibrary resourcesvPictorial works. 7aElectronic books.2local1 aGrunberger, Michael W.2 aebrary, Inc.2 aLibrary of Congress.tLibrary of Congress African and Middle Eastern collections illustrated guides.40uhttp://site.ebrary.com/lib/rucke/Doc?id=10022131zAn electronic book accessible through the World Wide Web; click to view c9693d9693